000 01098cam a22003137a 4500
003 CHAP
005 20220329141012.0
008 971013s1996 r 00010 d
010 _a61122
011 _a62094
035 _a66268
040 _cCHAP
090 _aTesis
100 0 0 _aFontes Carrillo, Angela.
_942171
245 0 _aAnálisis de los avances y problemas del Programa de Certificación de Derechos Ejidales y Titulación de Solares Urbanos (PROCEDE)
260 _aChapingo, Méx. :
_bEl autor,
_c1996
300 _a95 h.
502 _aTesis (Ing. Agr. Esp. en Economía Agrícola) -- UACH. Departamento de Economía Agrícola
590 _aALEPH
_b10
_c20130110
_lUCH01
_h1340
590 _aBATCH-UPD
_b10
_c20130110
_lUCH01
_h0952
590 _aCONVERSION
_b10
_c20130109
_lUCH01
_h1333
650 1 4 _aReforma agraria
_xLeyes.
_995561
650 1 4 _aTierras
_xTenencia
_xLeyes.
_9113179
790 _aArtículo 27 constitucional
901 _aBK
942 _cFOLL
949 _bBC
_cTES
_d-151441
_eTS1
_h29296
_i66268
_si
949 _bBC
_cTES
_d33724000620597
_eTS2
_fc.2
_h29297
_i66268
_si
999 _c61122
_d61122